02109nas a2200325 4500000000100000000000100001008004100002260000900043653001100052653001000063653002900073653001600102653001400118653001700132100002000149700001800169700002000187700002000207700001400227700002200241700002100263700002000284700002600304245010700330856006200437300001400499490000700513520124900520022001401769 2021 d c202110aAgeing10aBrain10adiffusion tensor imaging10aparturition10aPregnancy10awhite matter1 aIrene Voldsbekk1 aClaudia Barth1 aIvan I. Maximov1 aTobias Kaufmann1 aDani Beck1 aGenevieve Richard1 aTorgeir Moberget1 aLars T. Westlye1 aAnn-Marie G. de Lange00aA history of previous childbirths is linked to women's white matter brain age in midlife and older age uhttps://onlinelibrary.wiley.com/doi/abs/10.1002/hbm.25553 a4372-43860 v423 aMaternal brain adaptations occur in response to pregnancy, but little is known about how parity impacts white matter and white matter ageing trajectories later in life. Utilising global and regional brain age prediction based on multi-shell diffusion-weighted imaging data, we investigated the association between previous childbirths and white matter brain age in 8,895 women in the UK Biobank cohort (age range = 54–81 years). The results showed that number of previous childbirths was negatively associated with white matter brain age, potentially indicating a protective effect of parity on white matter later in life. Both global white matter and grey matter brain age estimates showed unique contributions to the association with previous childbirths, suggesting partly independent processes. Corpus callosum contributed uniquely to the global white matter association with previous childbirths, and showed a stronger relationship relative to several other tracts. While our findings demonstrate a link between reproductive history and brain white matter characteristics later in life, longitudinal studies are required to establish causality and determine how parity may influence women's white matter trajectories across the lifespan. a1097-0193